[Event "DVM U14 2010"]
[Site "Magdeburg GER"]
[Date "2010.12.28"]
[Round "3"]
[White "Sander, Jean Louis"]
[Black "Allin, Alexander"]
[Result "0-1"]
[Termination "normal"]
[Board "1.4"]
[WhiteElo "1822"]
[BlackElo "1613"]
[WhiteTeam "Hamburger SK von 1830"]
[BlackTeam "SV Empor Erfurt"]
[PlyCount "57"]
[WhiteFideId "12903280"]
[BlackFideId "12903698"]
[EventCountry "GER"]
[EventRounds "7"]
[EventType "team-swiss"]
[EventDate "2010.12.26"]

1. e4 e5 2. Nf3 Nc6 3. d4 exd4 4. Nxd4 Nf6 5. Nc3 Bb4 6. Nxc6 bxc6 7. Bd3 d5 8.
exd5 cxd5 9. O-O O-O 10. Bg5 c6 11. Ne2 Qd6 12. Bf4 Qd7 13. Ng3 Bd6 14. Bg5 Be5
15. Re1 Bxb2 16. Rb1 Bc3 17. Re3 Qd6 18. Nf5 Bxf5 19. Bxf5 Be5 20. Rh3 g6 21.
Bd3 Ne4 22. Bxe4 dxe4 23. Qg4 f5 24. Qe2 Rab8 25. Rd1 Qe6 26. Qa6 Rf7 27. Bh6
Rd7 28. Rc1 Qd5 29. Rd3 0-1

[Event "DVM U14 2010"]
[Site "Magdeburg GER"]
[Date "2010.12.28"]
[Round "3"]
[White "Berkes, Alexander"]
[Black "Knopf, Felix"]
[Result "1-0"]
[Termination "normal"]
[Board "2.1"]
[WhiteElo "1842"]
[BlackElo "1718"]
[WhiteTeam "SK Langen"]
[BlackTeam "SV Merseburg"]
[PlyCount "51"]
[WhiteFideId "12901636"]
[BlackFideId "24692204"]
[EventCountry "GER"]
[EventRounds "7"]
[EventType "team-swiss"]
[EventDate "2010.12.26"]

1. e4 c5 2. Nf3 d6 3. d4 cxd4 4. Nxd4 Nf6 5. Nc3 a6 6. Bc4 e6 7. f3 Be7 8. Be3
Qc7 9. Qe2 Bd7 10. O-O Nc6 11. Rad1 Rc8 12. Bb3 O-O 13. g4 Ne5 14. g5 Ne8 15.
f4 Nc4 16. f5 Nxe3 17. Qxe3 e5 18. Nd5 Qd8 19. f6 gxf6 20. Nxe7+ Qxe7 21. gxf6
Qd8 22. Nf5 Bxf5 23. Rxf5 Kh8 24. Qh6 Rg8+ 25. Kh1 Qc7 26. Rg1 1-0

[Event "DVM U14 2010"]
[Site "Magdeburg GER"]
[Date "2010.12.28"]
[Round "3"]
[White "Hoffmann, Dustin"]
[Black "Franz, Attila"]
[Result "1-0"]
[Termination "normal"]
[Board "2.2"]
[WhiteElo "1751"]
[BlackElo "1546"]
[WhiteTeam "SV Merseburg"]
[BlackTeam "SK Langen"]
[PlyCount "73"]
[WhiteFideId "1270566"]
[BlackFideId "12927570"]
[EventCountry "GER"]
[EventRounds "7"]
[EventType "team-swiss"]
[EventDate "2010.12.26"]

1. e4 c5 2. Nf3 Nc6 3. d4 cxd4 4. Nxd4 e5 5. Nb3 Nf6 6. Bd3 Be7 7. O-O d6 8.
Nc3 Be6 9. Be3 O-O 10. f3 a6 11. Nd5 Kh8 12. c4 Nd7 13. Rc1 f5 14. Qc2 f4 15.
Bf2 Bxd5 16. cxd5 Nb4 17. Qd2 Nxd3 18. Qxd3 Nf6 19. Rc2 Qd7 20. Rfc1 Rac8 21.
Bb6 Rxc2 22. Qxc2 Qb5 23. Bf2 Kg8 24. Qc7 Re8 25. Qc4 Qxc4 26. Rxc4 Bd8 27. a4
Kf7 28. a5 Nd7 29. Rb4 b5 30. axb6 Nb8 31. Na5 g5 32. Nc6 Nd7 33. Nxd8+ Rxd8
34. b7 Nb8 35. Bb6 Rd7 36. Ba7 Rd8 37. Rc4 1-0

[Event "DVM U14 2010"]
[Site "Magdeburg GER"]
[Date "2010.12.28"]
[Round "3"]
[White "Le Hong, Quang Anh"]
[Black "Thomas, Tobias"]
[Result "1-0"]
[Termination "normal"]
[Board "2.5"]
[WhiteElo "1492"]
[BlackElo "1309"]
[WhiteTeam "SV Merseburg"]
[BlackTeam "SK Langen"]
[PlyCount "83"]
[WhiteFideId "12927589"]
[BlackFideId "12920223"]
[EventCountry "GER"]
[EventRounds "7"]
[EventType "team-swiss"]
[EventDate "2010.12.26"]

1. Nf3 c5 2. g3 Nc6 3. Bg2 d5 4. d3 e5 5. O-O Be7 6. c3 Bg4 7. Nbd2 Nf6 8. a3
a5 9. Qc2 Rc8 10. h3 Bh5 11. c4 d4 12. Re1 Nd7 13. e3 O-O 14. exd4 exd4 15. Ne4
Bg6 16. Bf4 Re8 17. Nd6 Bxd6 18. Bxd6 Qf6 19. Bf4 Nce5 20. Nxe5 Nxe5 21. Bxe5
Rxe5 22. Bxb7 Rce8 23. Qd2 Bh5 24. Rxe5 Rxe5 25. Qxa5 g6 26. Re1 Rg5 27. Qd2 h6
28. Kg2 Rf5 29. a4 Bf3+ 30. Bxf3 Rxf3 31. Re2 h5 32. Re4 Rf5 33. Rf4 Qc6+ 34.
Kh2 Re5 35. a5 g5 36. Re4 Rxe4 37. dxe4 Qxe4 38. Qxg5+ Kf8 39. Qxc5+ Kg7 40.
Qg5+ Kf8 41. Qd8+ Kg7 42. a6 1-0

[Event "DVM U14 2010"]
[Site "Magdeburg GER"]
[Date "2010.12.28"]
[Round "3"]
[White "Mittelstädt, Joel"]
[Black "Neef, Maximilian"]
[Result "0-1"]
[Termination "normal"]
[Board "3.1"]
[WhiteElo "1643"]
[BlackElo "2003"]
[WhiteTeam "SC GW Baumschulenweg"]
[BlackTeam "USV TU Dresden"]
[PlyCount "87"]
[WhiteFideId "12910368"]
[BlackFideId "24692085"]
[EventCountry "GER"]
[EventRounds "7"]
[EventType "team-swiss"]
[EventDate "2010.12.26"]

1. b4 e5 2. Bb2 d6 3. e3 Nf6 4. c4 g6 5. d4 Nbd7 6. Nd2 Bg7 7. Qc2 Qe7 8. b5
O-O 9. g3 Re8 10. Ne2 e4 11. Bg2 Nf8 12. d5 h5 13. h3 N8d7 14. Bd4 Nc5 15. Bxc5
dxc5 16. Nc3 Bf5 17. Rc1 a5 18. Nb3 b6 19. a4 Qe5 20. Ne2 Re7 21. Rd1 Ne8 22.
Nd2 Nd6 23. Rc1 Ree8 24. Nc3 Rad8 25. Rg1 g5 26. Ne2 Bg6 27. g4 h4 28. Qc3 Qe7
29. Qb3 Rf8 30. f4 exf3 31. Bxf3 Rde8 32. Nf1 Qe5 33. Qc3 Qxc3+ 34. Nxc3 Nxc4
35. Kf2 Ne5 36. Nd2 Nd3+ 37. Ke2 Nf4+ 38. Kf1 Rxe3 39. Nce4 Rxf3+ 40. Nxf3 Bxe4
41. Nxg5 Bxd5 42. Rd1 Bf6 43. Ne4 Bxe4 44. g5 0-1

[Event "DVM U14 2010"]
[Site "Magdeburg GER"]
[Date "2010.12.28"]
[Round "3"]
[White "Teich, Thomas"]
[Black "Teschke, Max"]
[Result "0-1"]
[Termination "normal"]
[Board "3.2"]
[WhiteElo "1629"]
[BlackElo "1635"]
[WhiteTeam "USV TU Dresden"]
[BlackTeam "SC GW Baumschulenweg"]
[PlyCount "67"]
[BlackFideId "12910376"]
[EventCountry "GER"]
[EventRounds "7"]
[EventType "team-swiss"]
[EventDate "2010.12.26"]

1. e4 e5 2. Nf3 Nc6 3. Bb5 a6 4. Ba4 b5 5. Bb3 d6 6. c3 Be7 7. O-O Nf6 8. d4
Bd7 9. Re1 O-O 10. Nbd2 Rb8 11. Nf1 a5 12. d5 Na7 13. Be3 Rb7 14. Ng3 a4 15.
Bc2 c6 16. b3 cxd5 17. exd5 axb3 18. axb3 Qc7 19. c4 bxc4 20. bxc4 Nc8 21. Qd3
Nb6 22. Bb3 Rfb8 23. Nd2 Ng4 24. Rac1 Nxe3 25. Qxe3 Ba4 26. Bxa4 Nxa4 27. Qe2
Rb2 28. Nge4 f5 29. Nc3 Qa5 30. Ncb1 Bg5 31. Rcd1 Bxd2 32. Rxd2 Rxb1 33. Rxb1
Rxb1+ 34. Rd1 0-1

[Event "DVM U14 2010"]
[Site "Magdeburg GER"]
[Date "2010.12.28"]
[Round "3"]
[White "Spilke, Paul"]
[Black "Thamm, Merlin Jannes"]
[Result "1-0"]
[Termination "normal"]
[Board "3.3"]
[WhiteElo "1628"]
[BlackElo "1735"]
[WhiteTeam "SC GW Baumschulenweg"]
[BlackTeam "USV TU Dresden"]
[PlyCount "59"]
[BlackFideId "24695564"]
[EventCountry "GER"]
[EventRounds "7"]
[EventType "team-swiss"]
[EventDate "2010.12.26"]

1. d4 Nf6 2. Nf3 g6 3. c4 d6 4. Nc3 Bg7 5. e4 O-O 6. Be2 e5 7. O-O Nc6 8. dxe5
dxe5 9. Bg5 Be6 10. a3 a5 11. Qc2 Qe7 12. Nd5 Bxd5 13. exd5 Na7 14. Rfe1 Qd6
15. Rad1 b6 16. Nd2 Rfe8 17. Bf3 Nc8 18. Bxf6 Bxf6 19. Ne4 Qe7 20. Nxf6+ Qxf6
21. d6 Nxd6 22. Bxa8 Rxa8 23. c5 Nb5 24. cxb6 cxb6 25. Qe2 Nd4 26. Qxe5 Qxe5
27. Rxe5 Ne6 28. Rd6 Rc8 29. g3 Rb8 30. Rb5 1-0

[Event "DVM U14 2010"]
[Site "Magdeburg GER"]
[Date "2010.12.28"]
[Round "3"]
[White "Schulte, Heiko"]
[Black "Siegemund, Georg"]
[Result "1-0"]
[Termination "normal"]
[Board "3.4"]
[WhiteElo "1387"]
[BlackElo "1510"]
[WhiteTeam "USV TU Dresden"]
[BlackTeam "SC GW Baumschulenweg"]
[PlyCount "87"]
[EventCountry "GER"]
[EventRounds "7"]
[EventType "team-swiss"]
[EventDate "2010.12.26"]

1. e4 c5 2. Nf3 Nc6 3. c3 d5 4. exd5 Qxd5 5. d4 Bg4 6. Be2 Qe4 7. Be3 Nf6 8.
Nbd2 Qd5 9. O-O e6 10. h3 Bh5 11. Nb3 cxd4 12. Nbxd4 Nxd4 13. Bxd4 Be7 14. Qa4+
Kf8 15. Rad1 Qe4 16. Rfe1 Qf4 17. Qb5 Qc7 18. Bxf6 Bxf6 19. Qxh5 a6 20. Rd2 g6
21. Qh6+ Bg7 22. Qe3 h5 23. Qd3 Kg8 24. Qd7 Qb6 25. Ng5 Rf8 26. Qe7 Bh6 27.
Red1 Bxg5 28. Qxg5 Kg7 29. Qe5+ Kh6 30. Qf6 Rh7 31. Bc4 Qc5 32. Qf4+ Kg7 33.
Rd7 b5 34. Bxe6 Kg8 35. Bb3 Qb6 36. Rc7 a5 37. Rdd7 g5 38. Bxf7+ Rfxf7 39.
Qxg5+ Rhg7 40. Rd8+ Kh7 41. Qxh5+ Qh6 42. Rh8+ Kxh8 43. Qxh6+ Rh7 44. Rc8+ 1-0

[Event "DVM U14 2010"]
[Site "Magdeburg GER"]
[Date "2010.12.28"]
[Round "3"]
[White "Bitter, Frank"]
[Black "Kulok, Solomon"]
[Result "0-1"]
[Termination "normal"]
[Board "4.1"]
[WhiteElo "1641"]
[BlackElo "1638"]
[WhiteTeam "SC Weiße Dame Ulm"]
[BlackTeam "Noris-Tarrasch Nürnberg"]
[PlyCount "103"]
[WhiteFideId "12922722"]
[BlackFideId "24652210"]
[EventCountry "GER"]
[EventRounds "7"]
[EventType "team-swiss"]
[EventDate "2010.12.26"]

1. d4 Nf6 2. c4 g6 3. Nc3 Bg7 4. e4 d6 5. f3 O-O 6. Be3 Nbd7 7. Qd2 e5 8. d5 a6
9. Bd3 Nc5 10. Bc2 Nh5 11. g4 Nf6 12. Bg5 Qe8 13. b4 Ncd7 14. Bb3 Rb8 15. a4
Kh8 16. Be3 b6 17. Nge2 Ng8 18. Ng3 Ne7 19. Bc2 Nf6 20. h3 Nfg8 21. g5 f5 22.
gxf6 Nxf6 23. Bh6 Qf7 24. Bxg7+ Qxg7 25. O-O-O Nh5 26. Nxh5 gxh5 27. Rdf1 Ng6
28. Ne2 Bd7 29. Qg5 h4 30. Kd2 h6 31. Qg2 Qf6 32. Qh2 Qg5+ 33. Kd3 Nf4+ 34.
Nxf4 Qxf4 35. Qxf4 Rxf4 36. Ke3 Rg8 37. Bd1 Rg3 38. Kf2 Rxh3 39. Rxh3 Bxh3 40.
Rg1 Kh7 41. Be2 Bd7 42. Bd1 Rf7 43. Rh1 Rf4 44. Rg1 Be8 45. a5 bxa5 46. bxa5
Bg6 47. Bc2 Rf8 48. Rb1 Bh5 49. Bd1 Rg8 50. Be2 h3 51. Bf1 Bxf3 52. Kxf3 0-1

[Event "DVM U14 2010"]
[Site "Magdeburg GER"]
[Date "2010.12.28"]
[Round "3"]
[White "Myagkov, Kirill"]
[Black "Deutsch, Julius"]
[Result "1/2-1/2"]
[Termination "normal"]
[Board "4.2"]
[WhiteElo "1829"]
[BlackElo "1293"]
[WhiteTeam "Noris-Tarrasch Nürnberg"]
[BlackTeam "SC Weiße Dame Ulm"]
[PlyCount "86"]
[WhiteFideId "24657042"]
[EventCountry "GER"]
[EventRounds "7"]
[EventType "team-swiss"]
[EventDate "2010.12.26"]

1. e4 e6 2. d4 d5 3. exd5 exd5 4. Bd3 Bd6 5. Ne2 Nf6 6. O-O O-O 7. Bf4 Bg4 8.
f3 Be6 9. c3 c6 10. Qc2 Qc7 11. Bxd6 Qxd6 12. Nd2 Nbd7 13. Nb3 b6 14. f4 Bg4
15. Ng3 c5 16. Bf5 Rfe8 17. Bxg4 Nxg4 18. Nf5 Qg6 19. h3 Nh6 20. Nxh6+ Qxh6 21.
Qf5 Qe6 22. Qxe6 Rxe6 23. dxc5 bxc5 24. Rad1 c4 25. Nd4 Rb6 26. Rf2 Nc5 27. b4
cxb3 28. axb3 Ne4 29. Rc2 g6 30. c4 dxc4 31. bxc4 Rc8 32. Ra1 Rb7 33. Re1 Nd6
34. c5 Nb5 35. c6 Rb6 36. Nxb5 Rxb5 37. Rd1 Kg7 38. Rd7 a5 39. Rb7 Rxb7 40.
cxb7 Rb8 41. Rb2 a4 42. Kf2 a3 43. Ra2 Rxb7 1/2-1/2

[Event "DVM U14 2010"]
[Site "Magdeburg GER"]
[Date "2010.12.28"]
[Round "3"]
[White "Kelemen, Alexander"]
[Black "Yarsev, Alexander"]
[Result "0-1"]
[Termination "normal"]
[Board "4.3"]
[WhiteElo "1384"]
[BlackElo "1648"]
[WhiteTeam "SC Weiße Dame Ulm"]
[BlackTeam "Noris-Tarrasch Nürnberg"]
[PlyCount "80"]
[BlackFideId "24690252"]
[EventCountry "GER"]
[EventRounds "7"]
[EventType "team-swiss"]
[EventDate "2010.12.26"]

1. d4 f5 2. c4 Nf6 3. Nc3 e6 4. Nf3 Be7 5. e3 c6 6. Bd3 d5 7. O-O O-O 8. Qc2
Ne4 9. Nd2 Bd6 10. f4 Nxd2 11. Qxd2 Qh4 12. Qf2 Qh6 13. Ne2 Nd7 14. Ng3 Nf6 15.
h3 Ne4 16. Nxe4 fxe4 17. Be2 Kh8 18. c5 Be7 19. Bg4 Bd7 20. Qe2 g5 21. Bd2 Qg6
22. Bh5 Qg7 23. Bc3 Rg8 24. Bg4 gxf4 25. Rxf4 Bg5 26. Rxe4 dxe4 27. d5 Bf6 28.
dxe6 Be8 29. Bxf6 Qxf6 30. Rf1 Qe7 31. Qc4 Qg7 32. Qxe4 Bg6 33. Qb4 Bh5 34. Qc3
Bxg4 35. hxg4 Qxc3 36. bxc3 Rae8 37. Rf6 Rg6 38. Rxg6 hxg6 39. Kf2 Rxe6 40. Kf3
Kg7 0-1

[Event "DVM U14 2010"]
[Site "Magdeburg GER"]
[Date "2010.12.28"]
[Round "3"]
[White "Chen, Yilun"]
[Black "Boeck, Anton"]
[Result "0-1"]
[Termination "normal"]
[Board "4.4"]
[WhiteElo "1420"]
[BlackElo "1202"]
[WhiteTeam "Noris-Tarrasch Nürnberg"]
[BlackTeam "SC Weiße Dame Ulm"]
[PlyCount "112"]
[WhiteFideId "12913219"]
[EventCountry "GER"]
[EventRounds "7"]
[EventType "team-swiss"]
[EventDate "2010.12.26"]

1. e4 e5 2. Bc4 Bc5 3. Nc3 Nf6 4. d3 d6 5. h3 h6 6. Be3 Nbd7 7. Qd2 Bb4 8. Nge2
Nc5 9. a3 Bxc3 10. Qxc3 Qe7 11. Ng3 O-O 12. O-O-O c6 13. f4 exf4 14. Bxf4 Be6
15. Rdf1 Bxc4 16. Qxc4 Rad8 17. Qd4 Ne6 18. Qxa7 Nxf4 19. Rxf4 Qe5 20. Rhf1 Qg5
21. Qe3 Qe5 22. Nf5 Rde8 23. g4 d5 24. Ng3 dxe4 25. Rf5 Qe6 26. g5 Nd5 27. Qd2
exd3 28. cxd3 Qe3 29. R1f3 Qg1+ 30. Kc2 Ne3+ 31. Kb3 Nxf5 32. Nxf5 Qxg5 33.
Qxg5 hxg5 34. Rg3 Re5 35. Rxg5 f6 36. Rh5 g6 37. Nh6+ Kg7 38. Rh4 Rh8 39. Rb4
Kxh6 40. Rxb7 Kg5 41. Rb6 Rxh3 42. Kc4 Rh2 43. d4 Ree2 44. b4 Rc2+ 45. Kd3 Ra2
46. Rxc6 Rxa3+ 47. Kc4 Rc2+ 48. Kd5 Rxc6 49. Kxc6 f5 50. d5 f4 51. d6 f3 52. b5
f2 53. d7 Rd3 54. Kc7 f1=Q 55. d8=Q+ Rxd8 56. Kxd8 Qxb5 0-1

[Event "DVM U14 2010"]
[Site "Magdeburg GER"]
[Date "2010.12.28"]
[Round "3"]
[White "Noe, Christopher"]
[Black "Buchberger, Sascha"]
[Result "1-0"]
[Termination "normal"]
[Board "5.1"]
[WhiteElo "1859"]
[BlackElo "1784"]
[WhiteTeam "SC Eppingen"]
[BlackTeam "SK Kriegshaber"]
[PlyCount "61"]
[WhiteFideId "24692018"]
[BlackFideId "24690180"]
[EventCountry "GER"]
[EventRounds "7"]
[EventType "team-swiss"]
[EventDate "2010.12.26"]

1. c4 e5 2. Nc3 Nc6 3. g3 g6 4. Bg2 Bg7 5. e3 d6 6. Nge2 Be6 7. d3 Qd7 8. Nd5
f5 9. O-O Nf6 10. Nec3 O-O 11. Rb1 Rab8 12. b4 Ne7 13. Nxe7+ Qxe7 14. Qa4 e4
15. c5 exd3 16. Qxa7 dxc5 17. bxc5 Ra8 18. Qxb7 Qxc5 19. Bd2 Bxa2 20. Nxa2 Rxa2
21. Qb3+ Kh8 22. Qxa2 Rd8 23. Rfc1 Qd6 24. Qc4 Rd7 25. Rb8+ Bf8 26. Qc6 Kg7 27.
Rb7 Ne8 28. Qxd6 Bxd6 29. Bc6 Rd8 30. Bxe8 Rxe8 31. Rb3 1-0

[Event "DVM U14 2010"]
[Site "Magdeburg GER"]
[Date "2010.12.28"]
[Round "3"]
[White "Baiter, Christoph"]
[Black "Hahn, Cedric"]
[Result "1/2-1/2"]
[Termination "normal"]
[Board "5.2"]
[WhiteElo "1487"]
[BlackElo "1579"]
[WhiteTeam "SK Kriegshaber"]
[BlackTeam "SC Eppingen"]
[PlyCount "67"]
[BlackFideId "12910538"]
[EventCountry "GER"]
[EventRounds "7"]
[EventType "team-swiss"]
[EventDate "2010.12.26"]

1. d4 d5 2. Nf3 Nf6 3. Bf4 Bf5 4. e3 e6 5. c4 Bd6 6. Bxd6 Qxd6 7. c5 Qd8 8. Nc3
c6 9. Be2 Nbd7 10. O-O O-O 11. Nh4 Bg6 12. Nxg6 hxg6 13. Bf3 b6 14. b4 a5 15.
a3 Qc7 16. Qe2 b5 17. Rfd1 e5 18. Qb2 e4 19. Be2 axb4 20. axb4 Qb7 21. Rxa8
Rxa8 22. Ra1 Nb8 23. Ra2 Rxa2 24. Qxa2 Qa6 25. Qxa6 Nxa6 26. Na2 Ne8 27. Bg4 f5
28. Be2 Kf7 29. f4 Nf6 30. h3 Ke7 31. Kf1 Nh5 32. Bxh5 gxh5 33. h4 g6 34. g3
1/2-1/2

[Event "DVM U14 2010"]
[Site "Magdeburg GER"]
[Date "2010.12.28"]
[Round "3"]
[White "Essig, Philipp"]
[Black "Lavrinenkov, Vadim"]
[Result "1/2-1/2"]
[Termination "normal"]
[Board "5.3"]
[WhiteElo "1272"]
[BlackElo "1000"]
[WhiteTeam "SC Eppingen"]
[BlackTeam "SK Kriegshaber"]
[PlyCount "66"]
[BlackFideId "12908452"]
[EventCountry "GER"]
[EventRounds "7"]
[EventType "team-swiss"]
[EventDate "2010.12.26"]

1. e4 e6 2. d4 d5 3. exd5 exd5 4. Bd3 Bd6 5. Nf3 Nc6 6. c3 h6 7. O-O Nf6 8. Be3
O-O 9. Re1 Re8 10. Nbd2 Be6 11. h3 Qd7 12. Qc2 Ne7 13. Nf1 Nf5 14. Bd2 Ne7 15.
Ne3 Ng6 16. Bxg6 fxg6 17. Qxg6 Ne4 18. Ng4 Bxg4 19. Qxg4 Qxg4 20. hxg4 Re7 21.
Be3 Rae8 22. Kf1 c5 23. g5 cxd4 24. Nxd4 Nxg5 25. Nf5 Re6 26. Nxd6 Rxd6 27.
Bxg5 Rxe1+ 28. Rxe1 hxg5 29. Re5 Ra6 30. Rxd5 Rxa2 31. Rb5 b6 32. Ke2 Kf7 33.
Kd2 Kf6 1/2-1/2

[Event "DVM U14 2010"]
[Site "Magdeburg GER"]
[Date "2010.12.28"]
[Round "3"]
[White "Grabowski, Felix"]
[Black "Schückler, Jan"]
[Result "0-1"]
[Termination "normal"]
[Board "5.4"]
[WhiteElo "1195"]
[BlackElo "1217"]
[WhiteTeam "SK Kriegshaber"]
[BlackTeam "SC Eppingen"]
[PlyCount "128"]
[BlackFideId "12910554"]
[EventCountry "GER"]
[EventRounds "7"]
[EventType "team-swiss"]
[EventDate "2010.12.26"]

1. e4 e5 2. Nf3 Nc6 3. Bc4 Bc5 4. c3 Nf6 5. d4 exd4 6. cxd4 Bb4+ 7. Nc3 O-O 8.
O-O Bxc3 9. bxc3 Nxe4 10. Qd3 Nf6 11. Bb3 d5 12. Bc2 g6 13. Nh4 Qd6 14. Bd1 Re8
15. a4 Re4 16. Ba3 Qe6 17. Nf3 Qd7 18. Ng5 Re8 19. Bb3 Qf5 20. Qd2 Ne4 21. Nxe4
Rxe4 22. Bc2 Qf4 23. Qxf4 Rxf4 24. Bc1 Rf6 25. Bh6 Bf5 26. Bb3 Bd3 27. Rfe1 Bc4
28. Bxc4 dxc4 29. Re3 Re6 30. Rg3 Rae8 31. h3 Re1+ 32. Rxe1 Rxe1+ 33. Kh2 Ne7
34. Bg5 Nd5 35. Rf3 Ra1 36. Bf4 Rxa4 37. Kg1 Ra3 38. Bd2 Rb3 39. Kf1 a5 40. Rg3
a4 41. Rg5 c6 42. Bc1 a3 43. Re5 Rb1 44. Re8+ Kg7 45. Ra8 Rxc1+ 46. Ke2 Rxc3
47. Kd2 Rb3 48. Ra4 Nb4 49. Kc1 a2 50. Kd2 Rb1 51. Kc3 b5 52. Ra3 Rb3+ 53. Rxb3
cxb3 54. Kb2 Kf6 55. Kxb3 a1=Q 56. Kxb4 Qxd4+ 57. Kb3 Qc4+ 58. Kb2 Ke5 59. f4+
Kd4 60. g4 Qc3+ 61. Ka2 Kc4 62. h4 Qb3+ 63. Ka1 Kc3 64. f5 Qb2# 0-1

[Event "DVM U14 2010"]
[Site "Magdeburg GER"]
[Date "2010.12.28"]
[Round "3"]
[White "Müller, Nils Samuel"]
[Black "Stoer, Nathan"]
[Result "1-0"]
[Termination "normal"]
[Board "6.2"]
[WhiteElo "1665"]
[BlackElo "1589"]
[WhiteTeam "SG KK Hohentübingen"]
[BlackTeam "SV Mülheim Nord"]
[PlyCount "87"]
[WhiteFideId "24654361"]
[BlackFideId "1271569"]
[EventCountry "GER"]
[EventRounds "7"]
[EventType "team-swiss"]
[EventDate "2010.12.26"]

1. e4 e6 2. d4 d5 3. Nc3 Nf6 4. Bg5 Be7 5. e5 Nfd7 6. Bxe7 Qxe7 7. f4 c5 8. Nb5
Na6 9. Nd6+ Kf8 10. Nf3 h6 11. Bxa6 bxa6 12. O-O c4 13. c3 Nb6 14. Qe2 g6 15.
g3 Bd7 16. Rf2 Rb8 17. Rb1 Qd8 18. g4 Rg8 19. Kh1 Nc8 20. Nxc8 Qxc8 21. Qd2 Kg7
22. h4 Qd8 23. Rh2 Rh8 24. h5 Qe7 25. Nh4 Rbg8 26. Qc2 g5 27. f5 Kf8 28. f6 Qe8
29. Ng2 Qa8 30. Ne3 Ke8 31. b3 Qc6 32. Kg1 cxb3 33. Rxb3 Bc8 34. Qb2 Kd7 35.
Qa3 Re8 36. Nc2 Bb7 37. Nb4 Qb5 38. Rd2 Kc7 39. Nd3 Qc6 40. Qa5+ Kc8 41. Rdb2
Qc7 42. Qxc7+ Kxc7 43. Rxb7+ Kc8 44. Rxf7 1-0

[Event "DVM U14 2010"]
[Site "Magdeburg GER"]
[Date "2010.12.28"]
[Round "3"]
[White "Kremer, Moritz"]
[Black "Maurer, Noah"]
[Result "0-1"]
[Termination "normal"]
[Board "6.3"]
[WhiteElo "1582"]
[BlackElo "1377"]
[WhiteTeam "SV Mülheim Nord"]
[BlackTeam "SG KK Hohentübingen"]
[PlyCount "92"]
[WhiteFideId "1270623"]
[BlackFideId "12920673"]
[EventCountry "GER"]
[EventRounds "7"]
[EventType "team-swiss"]
[EventDate "2010.12.26"]

1. e4 e6 2. d4 d5 3. exd5 exd5 4. Bd3 Bd6 5. Nf3 Bg4 6. h3 Bh5 7. c3 Ne7 8.
Nbd2 Nd7 9. O-O c6 10. Nb3 Qc7 11. Be2 O-O-O 12. Ne1 Bxe2 13. Qxe2 Rde8 14. Qd3
g6 15. Nc2 Nf5 16. Ne3 Nxe3 17. Bxe3 Nf6 18. Nd2 Re6 19. Bg5 Rhe8 20. Bxf6 Rxf6
21. Nf3 Bf4 22. Rae1 Rfe6 23. Rxe6 Rxe6 24. Re1 Rxe1+ 25. Nxe1 Qe7 26. Kf1 Qe4
27. Qxe4 dxe4 28. Ke2 Bc1 29. b3 f5 30. Nc2 f4 31. Kd1 Bb2 32. Kd2 a5 33. h4 h6
34. b4 axb4 35. Nxb4 Ba3 36. g3 Bxb4 37. cxb4 g5 38. hxg5 hxg5 39. gxf4 gxf4
40. a4 Kd7 41. b5 cxb5 42. axb5 Kd6 43. Kc3 Kd5 44. b6 e3 45. fxe3 fxe3 46. Kd3
e2 0-1

[Event "DVM U14 2010"]
[Site "Magdeburg GER"]
[Date "2010.12.28"]
[Round "3"]
[White "Migesel, Philipp"]
[Black "Vavro, Maximilian"]
[Result "0-1"]
[Termination "normal"]
[Board "6.4"]
[WhiteElo "1070"]
[BlackElo "1539"]
[WhiteTeam "SG KK Hohentübingen"]
[BlackTeam "SV Mülheim Nord"]
[PlyCount "70"]
[WhiteFideId "1270285"]
[BlackFideId "12918954"]
[EventCountry "GER"]
[EventRounds "7"]
[EventType "team-swiss"]
[EventDate "2010.12.26"]

1. e4 c6 2. Nc3 d5 3. exd5 cxd5 4. d4 Nf6 5. Nf3 Bg4 6. Be2 e6 7. Bg5 Nbd7 8.
a3 Bd6 9. Bb5 Qa5 10. Qd2 Bxf3 11. gxf3 Bb4 12. Bxd7+ Nxd7 13. O-O Bxc3 14.
bxc3 Rc8 15. Rfb1 Nb6 16. Kh1 Qxc3 17. Qxc3 Rxc3 18. Rb2 Rxf3 19. Kg2 Rc3 20.
Bd2 Rc8 21. c3 Nc4 22. Rba2 Nxd2 23. Rxd2 Rxc3 24. Rb1 b6 25. Ra1 Kd7 26. Rdd1
Rhc8 27. Rf1 R8c4 28. Rfd1 Ra4 29. Rdc1 Rxc1 30. Rxc1 Rxd4 31. Kg3 Rd3+ 32. f3
Rxa3 33. h3 b5 34. Rb1 a6 35. Rb4 Ra4 0-1

[Event "DVM U14 2010"]
[Site "Magdeburg GER"]
[Date "2010.12.28"]
[Round "3"]
[White "Sawlin, Leonid"]
[Black "Meißner, Peter"]
[Result "1-0"]
[Termination "normal"]
[Board "7.1"]
[WhiteElo "1940"]
[BlackElo "1571"]
[WhiteTeam "TuS Makkabi Berlin"]
[BlackTeam "Brackweder SK"]
[PlyCount "67"]
[WhiteFideId "4689542"]
[EventCountry "GER"]
[EventRounds "7"]
[EventType "team-swiss"]
[EventDate "2010.12.26"]

1. e4 c5 2. Nf3 d6 3. d4 cxd4 4. Nxd4 Nf6 5. Nc3 g6 6. Be3 Bg7 7. f3 O-O 8. Qd2
Nc6 9. O-O-O Bd7 10. Kb1 a6 11. g4 Rc8 12. h4 h5 13. g5 Ne8 14. f4 e5 15. Nde2
b5 16. Nd5 Rb8 17. Bh3 Bxh3 18. Rxh3 exf4 19. Nexf4 b4 20. Qf2 Qa5 21. Ne2 Ne5
22. Bd4 Qb5 23. Bxe5 Bxe5 24. Rf3 a5 25. Nef4 Bxf4 26. Nxf4 Ng7 27. Rxd6 a4 28.
Nd5 Qc4 29. Nf6+ Kh8 30. Rd4 Rfd8 31. Nd7 Rxd7 32. Rxd7 Qxe4 33. Rfxf7 Ne6 34.
Rh7+ 1-0

[Event "DVM U14 2010"]
[Site "Magdeburg GER"]
[Date "2010.12.28"]
[Round "3"]
[White "Beck, Oliver"]
[Black "Lagunow, Elina"]
[Result "0-1"]
[Termination "normal"]
[Board "7.2"]
[WhiteElo "1326"]
[BlackElo "1759"]
[WhiteTeam "Brackweder SK"]
[BlackTeam "TuS Makkabi Berlin"]
[PlyCount "70"]
[WhiteFideId "12927635"]
[BlackFideId "4673387"]
[EventCountry "GER"]
[EventRounds "7"]
[EventType "team-swiss"]
[EventDate "2010.12.26"]

1. e4 c5 2. Nf3 Nc6 3. d4 cxd4 4. Nxd4 g6 5. Nc3 Bg7 6. Be3 Nf6 7. Bc4 Qa5 8.
Nxc6 bxc6 9. Bd4 O-O 10. O-O d6 11. Re1 Rb8 12. Bb3 c5 13. Be3 Ba6 14. Rb1 Rfd8
15. Bd2 Qc7 16. a3 e6 17. Qf3 Qc6 18. Bg5 Nd7 19. Bxd8 Ne5 20. Qd1 Rxd8 21. Qd2
d5 22. exd5 Qb7 23. Qf4 c4 24. Ba2 exd5 25. Rxe5 Bxe5 26. Qxe5 Qc6 27. Rd1 Bb7
28. Rd4 Re8 29. Re4 Rxe5 30. Rxe5 d4 31. Nd5 Qd6 32. Re8+ Kg7 33. Nb4 a5 34.
Bxc4 axb4 35. a4 Qc6 0-1

[Event "DVM U14 2010"]
[Site "Magdeburg GER"]
[Date "2010.12.28"]
[Round "3"]
[White "Hoffmann, Thiemo"]
[Black "Polutskyi, Sergii"]
[Result "0-1"]
[Termination "normal"]
[Board "7.4"]
[WhiteElo "1401"]
[BlackElo "1754"]
[WhiteTeam "Brackweder SK"]
[BlackTeam "TuS Makkabi Berlin"]
[PlyCount "36"]
[BlackFideId "14129310"]
[EventCountry "GER"]
[EventRounds "7"]
[EventType "team-swiss"]
[EventDate "2010.12.26"]

1. e4 d5 2. exd5 Qxd5 3. Nc3 Qa5 4. d4 e5 5. Nf3 Bg4 6. Qd3 Bxf3 7. Qxf3 exd4
8. Qxb7 dxc3 9. b4 Qe5+ 10. Be2 Ne7 11. Qxa8 Nec6 12. Kd1 Bxb4 13. Rb1 O-O 14.
Bd3 Rd8 15. g3 Rxd3+ 16. Bd2 Rxd2+ 17. Kc1 Ba3+ 18. Rb2 Qb5 0-1